[Event "IV Open Inverno"]
[Site "Ceriano Laghetto ITA"]
[Date "2012.02.??"]
[Round "4"]
[White "Regorda, Vittorio"]
[Black "Moioli, Ferruccio"]
[Result "0-1"]
[WhiteElo "1832"]
[BlackElo "1625"]
[PlyCount "109"]
[EventDate "2012.02.14"]

1. d4 g6 2. c4 Bg7 3. Nc3 d6 4. e4 e5 5. d5 Nf6 6. f3 Nh5 7. Be3 a6 8. Bd3 c5
9. Nge2 Bd7 10. Qd2 O-O 11. g4 Nf4 12. Nxf4 exf4 13. Bxf4 Qf6 14. g5 Qe7 15.
O-O-O b5 16. h4 bxc4 17. Bxc4 Be8 18. Qh2 Be5 19. Bxe5 Qxe5 20. Qxe5 dxe5 21.
d6 Bd7 22. Nd5 Kg7 23. h5 Nc6 24. Nf6 Be6 25. hxg6 Bxc4 26. gxh7 Nd4 27. b3 Be6
28. Ng8 Rxg8 29. hxg8=Q+ Rxg8 30. Rdf1 Ne2+ 31. Kb2 Ng3 32. Rc1 Nxh1 33. Rxh1
Rd8 34. Rc1 c4 35. bxc4 Rxd6 36. Rc3 Kg6 37. Kb3 Kxg5 38. Kb4 Rd4 39. a3 Kf4
40. Kc5 Kg3 41. a4 Kf2 42. f4 Rxe4 43. fxe5 Rxe5+ 44. Kb6 Re4 45. c5 Rxa4 46.
c6 Rc4 47. Ra3 f5 48. Rxa6 f4 49. Ra8 f3 50. Rd8 Bg4 51. Kb5 Rc2 52. c7 Rxc7
53. Rd4 Bh3 54. Kb6 Rc2 55. Rd8 0-1

[Event "IV Open Inverno"]
[Site "Ceriano Laghetto ITA"]
[Date "2012.02.??"]
[Round "4"]
[White "Rigo, Luigi"]
[Black "Frigerio, Roberto"]
[Result "0-1"]
[WhiteElo "1353"]
[BlackElo "1596"]
[PlyCount "76"]
[EventDate "2012.02.14"]

1. e4 e5 2. Nf3 Nc6 3. Bb5 a6 4. Ba4 Nf6 5. O-O d6 6. Re1 Bg4 7. c3 b5 8. Bc2
Be7 9. d3 d5 10. Bb3 b4 11. Nbd2 dxe4 12. Bxf7+ Kxf7 13. Ng5+ Ke8 14. Qa4 Bd7
15. Qb3 Qc8 16. Qf7+ Kd8 17. Qxg7 Rg8 18. Qh6 Ng4 19. Nf7+ Ke8 20. Qxh7 Nf6 21.
Qh6 Kxf7 22. Nxe4 Nxe4 23. Qh7+ Rg7 24. Qh5+ Kg8 25. Rxe4 Bg4 26. Qh6 Qe6 27.
Qe3 Bg5 28. Qc5 Bxc1 29. Rxc1 Bf3 30. Re3 Bxg2 31. Rg3 Rxg3 32. fxg3 Qd5 33.
Qxd5+ Bxd5 34. cxb4 Nxb4 35. Rxc7 Nxd3 36. Rd7 Be4 37. b3 Rc8 38. Kf1 Rc2 0-1

[Event "IV Open Inverno"]
[Site "Ceriano Laghetto ITA"]
[Date "2012.02.??"]
[Round "4"]
[White "Sala, Pierluigi"]
[Black "Monticelli, Francesco"]
[Result "1-0"]
[WhiteElo "1454"]
[BlackElo "1690"]
[PlyCount "79"]
[EventDate "2012.02.14"]

1. d4 Nf6 2. c4 e5 3. dxe5 Ng4 4. Nf3 Nc6 5. Bg5 Be7 6. Bxe7 Qxe7 7. e3 Ngxe5
8. Be2 Qb4+ 9. Qd2 Nxf3+ 10. Bxf3 Qxc4 11. Na3 Qb4 12. Rd1 Qxd2+ 13. Rxd2 Ne5
14. Be2 d6 15. Nb5 Kd7 16. f4 Nc6 17. O-O a6 18. Nc3 f5 19. Rfd1 Re8 20. Kf2 b6
21. Bf3 Bb7 22. Nd5 Re6 23. Rc1 Rae8 24. a4 a5 25. b3 h6 26. h4 Rc8 27. g4 g6
28. g5 hxg5 29. hxg5 Nd8 30. Nf6+ Ke7 31. Nd5+ Kd7 32. Nf6+ Ke7 33. Nd5+ Kf7
34. Rxc7+ Rxc7 35. Nxc7 Re7 36. Nb5 Ke6 37. Rxd6+ Kf7 38. Rxd8 Bxf3 39. Kxf3
Ke6 40. Rd6+ 1-0

[Event "IV Open Inverno"]
[Site "Ceriano Laghetto ITA"]
[Date "2012.02.??"]
[Round "5"]
[White "Frigerio, Roberto"]
[Black "Regorda, Vittorio"]
[Result "1-0"]
[WhiteElo "1596"]
[BlackElo "1832"]
[PlyCount "37"]
[EventDate "2012.02.14"]

1. e4 e6 2. d4 d5 3. Nc3 Nf6 4. Bg5 Bb4 5. e5 h6 6. Bd2 Bxc3 7. bxc3 Ne4 8. Nf3
O-O 9. c4 Nxd2 10. Qxd2 b6 11. Qb4 Bb7 12. c5 Nc6 13. Qb5 a6 14. Qb2 b5 15. Qa3
Ne7 16. Bd3 f6 17. O-O f5 18. Nh4 g5 19. Nf3 1-0

[Event "IV Open Inverno"]
[Site "Ceriano Laghetto ITA"]
[Date "2012.02.??"]
[Round "5"]
[White "Moioli, Ferruccio"]
[Black "Megassini, Stefano"]
[Result "1-0"]
[WhiteElo "1625"]
[BlackElo "1763"]
[PlyCount "51"]
[EventDate "2012.02.14"]

1. d4 e6 2. Nf3 d5 3. a3 Nf6 4. Bg5 Be7 5. e3 O-O 6. c4 c6 7. Nc3 Ne4 8. Bf4
Nd7 9. Bd3 Nxc3 10. bxc3 Bf6 11. O-O Re8 12. cxd5 cxd5 13. Qc2 g6 14. c4 e5 15.
dxe5 Nxe5 16. Bxe5 Bxe5 17. Nxe5 Rxe5 18. Rfd1 Be6 19. Qb2 Qc7 20. cxd5 Bxd5
21. Rac1 Bc6 22. Rc3 Rh5 23. g3 Qc8 24. Bf1 Qf5 25. Rcd3 Qf3 26. Rd8+ 1-0

[Event "IV Open Inverno"]
[Site "Ceriano Laghetto ITA"]
[Date "2012.02.??"]
[Round "5"]
[White "Moroni, Luca jr"]
[Black "Pino, Nicola"]
[Result "1-0"]
[WhiteElo "2061"]
[BlackElo "1775"]
[PlyCount "81"]
[EventDate "2012.02.14"]

1. e4 c5 2. Nf3 d6 3. d4 cxd4 4. Nxd4 Nc6 5. Nc3 g6 6. Be3 Bg7 7. f3 a6 8. Qd2
Nf6 9. Bc4 Nxd4 10. Bxd4 O-O 11. O-O-O b5 12. Bb3 Be6 13. Nd5 Bxd5 14. Bxd5
Nxd5 15. Bxg7 Kxg7 16. Qxd5 Qc7 17. h4 Rac8 18. Qd4+ f6 19. Qd2 Qc4 20. Kb1 Rc7
21. g4 Rfc8 22. Rc1 a5 23. g5 Rf8 24. Rh3 Qe6 25. Rch1 Rfc8 26. c3 b4 27. h5
bxc3 28. bxc3 fxg5 29. hxg6 Rb8+ 30. Ka1 hxg6 31. Qxg5 Qe5 32. Rh7+ Kf8 33.
Qxe5 dxe5 34. Rh8+ Kf7 35. R1h7+ Ke6 36. Rxb8 Rxc3 37. Rb7 Kf6 38. Rbxe7 Kg5
39. Rhf7 Kh6 40. Rxe5 Re3 41. Kb2 1-0

[Event "IV Open Inverno"]
[Site "Ceriano Laghetto ITA"]
[Date "2012.02.??"]
[Round "5"]
[White "Ronconi, Fausto"]
[Black "Canciani, Alberto"]
[Result "1/2-1/2"]
[WhiteElo "1726"]
[BlackElo "1585"]
[PlyCount "106"]
[EventDate "2012.02.14"]

1. d4 e6 2. c4 c5 3. e3 Qc7 4. Nc3 a6 5. Nf3 d6 6. Be2 Nd7 7. dxc5 Qxc5 8. O-O
Ngf6 9. b3 Be7 10. Bb2 O-O 11. Nd4 Ne5 12. Na4 Qc7 13. Rc1 b6 14. Nf3 Ned7 15.
Qc2 Bb7 16. Nd4 e5 17. Nf5 Nc5 18. Nxe7+ Qxe7 19. Nxb6 Rab8 20. Nd5 Nxd5 21.
cxd5 Bxd5 22. Rfd1 Qb7 23. f3 Nxb3 24. Rb1 Rfc8 25. Qd3 Bc4 26. Qxd6 Bxe2 27.
Qxe5 f6 28. Qe6+ Kh8 29. Rd7 Nc5 30. Rxb7 Nxe6 31. Rxb8 Rxb8 32. Rc1 h6 33. Ba3
Kg8 34. Kf2 Bb5 35. f4 Rd8 36. Bb4 f5 37. h3 g5 38. g3 Kf7 39. Rc2 Bd3 40. Rc6
Rb8 41. a3 Bb5 42. Rd6 Rc8 43. Rd2 Rc1 44. Rd6 Rc2+ 45. Kg1 g4 46. hxg4 fxg4
47. f5 Rc1+ 48. Kh2 Ng5 49. Rxh6 Nf3+ 50. Kg2 Ne1+ 51. Bxe1 Rxe1 52. Rh4 Re2+
53. Kg1 Re1+ 1/2-1/2

[Event "IV Open Inverno"]
[Site "Ceriano Laghetto ITA"]
[Date "2012.02.??"]
[Round "5"]
[White "Santarelli, Sabatino"]
[Black "Origgio, Stefano"]
[Result "1-0"]
[WhiteElo "1624"]
[BlackElo "1716"]
[PlyCount "143"]
[EventDate "2012.02.14"]

1. e4 e5 2. Nf3 Nc6 3. Bb5 a6 4. Ba4 Nf6 5. O-O Be7 6. Bxc6 dxc6 7. Nxe5 Nxe4
8. Qf3 Nf6 9. d3 O-O 10. Nc3 Be6 11. h3 Nd7 12. Bf4 Bf6 13. Rfe1 Nb6 14. Ng4
Bxg4 15. Qxg4 Rc8 16. Rab1 Nd5 17. Bd2 Nxc3 18. bxc3 b5 19. Re4 c5 20. a3 c4
21. d4 c5 22. Be3 cxd4 23. Bxd4 Bxd4 24. Rxd4 Qa5 25. Rbd1 Qxa3 26. Rd6 Ra8 27.
Qd4 g6 28. Qf6 Qc5 29. Rxa6 Rxa6 30. Qxa6 Rb8 31. Qf6 Qb6 32. Rd6 Qc7 33. Qe5
Qb7 34. Qd4 Re8 35. Rd7 Qe4 36. Rd8 Qe1+ 37. Kh2 Rxd8 38. Qxd8+ Kg7 39. Qd4+
Kh6 40. Qf4+ Kg7 41. Qd4+ Kh6 42. Qf4+ Kg7 43. Qd4+ f6 44. f4 Qe6 45. Qa7+ Kh6
46. Qf2 g5 47. fxg5+ fxg5 48. Qg3 Qf5 49. Qd6+ Kh5 50. g4+ Qxg4 51. hxg4+ Kxg4
52. Qd4+ Kh5 53. Qe5 Kg6 54. Qxb5 h6 55. Qxc4 h5 56. Qe4+ Kf6 57. c4 g4 58. c5
h4 59. Qxg4 Ke7 60. c4 Kd8 61. Qf5 Kc7 62. Qd5 h3 63. Kxh3 Kc8 64. c6 Kc7 65.
Kg4 Kc8 66. Kf5 Kb8 67. Ke6 Ka7 68. Qd6 Kb6 69. c7+ Kb7 70. Qd7 Kb6 71. Ke7 Kb7
72. c8=Q+ 1-0

[Event "IV Open Inverno"]
[Site "Ceriano Laghetto ITA"]
[Date "2012.02.??"]
[Round "5"]
[White "Viale, Fabio"]
[Black "Napoli, Ferdinando"]
[Result "1-0"]
[WhiteElo "1812"]
[BlackElo "1724"]
[PlyCount "72"]
[EventDate "2012.02.14"]

1. d4 Nf6 2. c4 g6 3. Nc3 Bg7 4. e4 d6 5. Be2 O-O 6. Nf3 e5 7. O-O Nc6 8. d5
Ne7 9. Ne1 Ne8 10. Be3 f5 11. f3 f4 12. Bf2 g5 13. a4 Nf6 14. g4 fxg3 15. hxg3
Bh3 16. Ng2 Ng6 17. Be3 h6 18. Kh2 Qd7 19. Rh1 Rf7 20. b4 g4 21. fxg4 Bxg4 22.
Kg1 Bh3 23. Qd2 Ng4 24. Rxh3 Nxe3 25. Rh5 Nxg2 26. Kxg2 Raf8 27. Rf5 Rxf5 28.
exf5 Qxf5 29. Bd3 Qf3+ 30. Kh2 e4 31. Nxe4 Bxa1 32. Qxh6 Qg4 33. Ng5 Qd7 34.
Qxg6+ Qg7 35. Qe6+ Kh8 36. Qh3+ Kg8 1-0

[Event "IV Open Inverno"]
[Site "Ceriano Laghetto ITA"]
[Date "2012.02.??"]
[Round "6"]
[White "Frigerio, Roberto"]
[Black "Napoli, Ferdinando"]
[Result "1-0"]
[WhiteElo "1596"]
[BlackElo "1724"]
[PlyCount "49"]
[EventDate "2012.02.14"]

1. e4 c5 2. Nf3 d6 3. d4 cxd4 4. Nxd4 Nf6 5. Nc3 a6 6. Bg5 e6 7. Bc4 Be7 8. O-O
Qc7 9. Bb3 Nc6 10. Nxc6 bxc6 11. f4 O-O 12. Qf3 Bb7 13. Bxf6 Bxf6 14. f5 d5 15.
fxe6 fxe6 16. Qg4 Rae8 17. Na4 c5 18. Nc3 Qe7 19. exd5 exd5 20. Rae1 Qxe1 21.
Rxe1 Rxe1+ 22. Kf2 Bxc3+ 23. Kg3 Re3+ 24. Kh4 Re4 25. Qxe4 1-0

[Event "IV Open Inverno"]
[Site "Ceriano Laghetto ITA"]
[Date "2012.02.??"]
[Round "6"]
[White "Megassini, Stefano"]
[Black "Pino, Nicola"]
[Result "0-1"]
[WhiteElo "1763"]
[BlackElo "1775"]
[PlyCount "62"]
[EventDate "2012.02.14"]

1. d4 d5 2. Nf3 c6 3. e3 Bg4 4. Be2 Nf6 5. Ne5 Bxe2 6. Qxe2 Nbd7 7. b3 Nxe5 8.
dxe5 Nd7 9. Bb2 e6 10. Nd2 Qc7 11. f4 Be7 12. Nf3 Nc5 13. h4 Ne4 14. Rh3 Bb4+
15. Kf1 h6 16. a3 Ba5 17. b4 Bb6 18. Bd4 a5 19. Nd2 axb4 20. axb4 Rxa1+ 21.
Bxa1 Nxd2+ 22. Qxd2 c5 23. b5 c4 24. Qb4 Bc5 25. Qe1 Qb6 26. e4 d4 27. f5 Qxb5
28. fxe6 fxe6 29. Qd1 c3+ 30. Ke1 O-O 31. Rg3 Rf1# 0-1

[Event "IV Open Inverno"]
[Site "Ceriano Laghetto ITA"]
[Date "2012.02.??"]
[Round "6"]
[White "Origgio, Stefano"]
[Black "Ronconi, Fausto"]
[Result "1-0"]
[WhiteElo "1716"]
[BlackElo "1726"]
[PlyCount "89"]
[EventDate "2012.02.14"]

1. d4 d5 2. c4 e6 3. Nc3 Nf6 4. Bg5 Be7 5. Nf3 O-O 6. e3 Nbd7 7. Rc1 c6 8. Bd3
dxc4 9. Bxc4 Nd5 10. Bxe7 Qxe7 11. Ne4 h6 12. Ng3 Qb4+ 13. Qd2 Qxd2+ 14. Kxd2
b6 15. Bxd5 cxd5 16. Rc7 Nf6 17. Rhc1 Ba6 18. Ne5 Ne8 19. Re7 Bb5 20. b3 Nd6
21. Rcc7 a6 22. a4 Be8 23. Ng6 Nc8 24. Nxf8 Nxe7 25. Nxe6 Ng6 26. Nf4 Nxf4 27.
exf4 b5 28. axb5 axb5 29. Ne2 Ra2+ 30. Rc2 Ra3 31. Kc3 Ra1 32. g3 f6 33. Kb4
Bg6 34. Rd2 Rh1 35. h4 Be8 36. Nc3 Rc1 37. Nxd5 Kf7 38. Nc3 Ke6 39. Nxb5 Bxb5
40. Kxb5 Kd5 41. b4 Rb1 42. Ka5 Kc4 43. d5 Ra1+ 44. Kb6 Ra8 45. d6 1-0

[Event "IV Open Inverno"]
[Site "Ceriano Laghetto ITA"]
[Date "2012.02.??"]
[Round "6"]
[White "Sala, Pierluigi"]
[Black "Nastasi, Ivano"]
[Result "1/2-1/2"]
[WhiteElo "1454"]
[BlackElo "1713"]
[PlyCount "90"]
[EventDate "2012.02.14"]

1. d4 d5 2. Nf3 Nf6 3. e3 e6 4. c4 Bb4+ 5. Nc3 c5 6. Bd2 cxd4 7. Nxd4 e5 8. Nc2
Bxc3 9. Bxc3 Nc6 10. cxd5 Nxd5 11. Qd2 Bg4 12. Bb5 Nxc3 13. Bxc6+ bxc6 14. Qxc3
Qd5 15. O-O O-O 16. e4 Qe6 17. Ne3 Bh5 18. f4 f6 19. f5 Qd6 20. g4 Bf7 21. Rfd1
Qc7 22. Nd5 Bxd5 23. exd5 Qb6+ 24. Kg2 cxd5 25. Rxd5 Qb7 26. Rad1 Rac8 27. Qd2
Rc5 28. Kg3 Rcc8 29. Rd7 Qb8 30. Qd5+ Kh8 31. Rb7 Qa8 32. Qd7 Rg8 33. Qe7 Rce8
34. Qc7 Rc8 35. Qe7 Rb8 36. Rdd7 Rxb7 37. Rxb7 a5 38. Qc7 Qa6 39. Rb8 g5 40.
Rxg8+ Kxg8 41. Qd8+ Kg7 42. Qd7+ Kg8 43. Qd8+ Kf7 44. Qd7+ Kg8 45. Qe8+ Kg7
1/2-1/2

[Event "IV Open Inverno"]
[Site "Ceriano Laghetto ITA"]
[Date "2012.02.??"]
[Round "6"]
[White "Santarelli, Sabatino"]
[Black "Moioli, Ferruccio"]
[Result "1-0"]
[WhiteElo "1624"]
[BlackElo "1625"]
[PlyCount "179"]
[EventDate "2012.02.14"]

1. d4 g6 2. e4 d6 3. Be3 Bg7 4. c3 Nf6 5. f3 O-O 6. Ne2 Nbd7 7. Ng3 b6 8. Bd3
Bb7 9. O-O c5 10. Nd2 a6 11. Rc1 b5 12. c4 cxd4 13. Bxd4 Nc5 14. Bb1 Bc6 15.
Re1 Bh6 16. Be3 Bxe3+ 17. Rxe3 Qb6 18. Kh1 b4 19. Qe2 Ne6 20. Nb3 a5 21. Qe1 a4
22. Nd2 Qc5 23. e5 dxe5 24. Rxe5 Qb6 25. Nde4 Rad8 26. Nxf6+ exf6 27. Re3 Qd4
28. b3 a3 29. Rd3 Qc5 30. Rcd1 Rde8 31. Ne4 Bxe4 32. Qxe4 Qg5 33. Rd5 f5 34.
Qe1 Nf4 35. Qg3 Qxg3 36. hxg3 Nxd5 37. cxd5 Rb8 38. Kg1 Rfd8 39. Rd4 Rb6 40.
Bd3 Rbd6 41. Bc4 Kg7 42. Kf2 Re8 43. g4 fxg4 44. Rxg4 f5 45. Rd4 Kf6 46. g3 g5
47. Bb5 Re5 48. Bc6 h5 49. Rxb4 g4 50. Ra4 gxf3 51. Rxa3 Re2+ 52. Kxf3 Rb2 53.
Ra8 Kg7 54. Ra4 Kf6 55. b4 Ke5 56. b5 Rc2 57. Ra8 Rg6 58. Re8+ Kd6 59. a4 Rc3+
60. Kf4 Rgxg3 61. Re6+ Kc5 62. Kxf5 Rcf3+ 63. Ke4 Re3+ 64. Kf4 Ref3+ 65. Ke5
Rg4 66. Rh6 h4 67. d6 Rff4 68. d7 Rd4 69. a5 Rg5+ 70. Ke6 Rd6+ 71. Kf7 Rf5+ 72.
Kg7 Rg5+ 73. Kh7 Rd4 74. a6 Kb6 75. Bb7+ Kc7 76. Rc6+ Kd8 77. Bc8 h3 78. b6 h2
79. b7 h1=Q+ 80. Rh6 Rd6 81. Rxh1 Rdg6 82. b8=Q Rg7+ 83. Kh6 R7g6+ 84. Kh7 Rg7+
85. Kh8 Rg8+ 86. Kh7 R5g7+ 87. Kh6 Rg6+ 88. Kh5 Rg5+ 89. Kh4 Ke7 90. Qb4+ 1-0

[Event "IV Open Inverno"]
[Site "Ceriano Laghetto ITA"]
[Date "2012.02.??"]
[Round "6"]
[White "Viale, Fabio"]
[Black "Moroni, Luca jr"]
[Result "0-1"]
[WhiteElo "1812"]
[BlackElo "2061"]
[PlyCount "80"]
[EventDate "2012.02.14"]

1. d4 d5 2. c4 e6 3. Nc3 c6 4. e4 dxe4 5. Nxe4 Nf6 6. Nxf6+ Qxf6 7. Nf3 Bb4+ 8.
Bd2 Bxd2+ 9. Qxd2 Nd7 10. Bd3 c5 11. Qe3 cxd4 12. Qxd4 Qxd4 13. Nxd4 Nc5 14.
Bc2 a5 15. Nb5 Ke7 16. Rd1 Bd7 17. O-O Rad8 18. Nd4 g6 19. f4 Ra8 20. b3 Rhd8
21. Rfe1 Ra6 22. Re5 Rc8 23. f5 gxf5 24. Nxf5+ Kf6 25. Rxc5 Rxc5 26. Rxd7 exf5
27. Rxb7 Re6 28. Rb5 Rxb5 29. cxb5 Rd6 30. g4 fxg4 31. Bxh7 Ke5 32. Bg8 Rd7 33.
Kf2 Kf4 34. Ke2 Kg5 35. Bh7 Kh4 36. Bf5 Rd5 37. Be4 Rxb5 38. Ke3 Kg5 39. Bd3
Rb8 40. Bc4 f5 0-1